Normal view
MARC view
Entry Personal Name
001 - CONTROL NUMBER
- control field: 174364
003 - CONTROL NUMBER IDENTIFIER
- control field: OSt
005 - DATE AND TIME OF LATEST TRANSACTION
- control field: 20240729123626.0
008 - FIXED-LENGTH DATA ELEMENTS
- fixed length control field: 240729|| aca||aabn | a|a d
040 ## - CATALOGING SOURCE
- Original cataloging agency: OSt
- Transcribing agency: OSt
100 ## - HEADING--PERSONAL NAME
- Personal name: NISHCHAL (Om) and SINGH (Guman).
- Dates associated with a name: निश्चल ओम और गुमान सिंह
670 ## - SOURCE DATA FOUND
- Source citation: Work cat.: (OSt)99210: NISHCHAL (Om) and SINGH (Guman). निश्चल ओम और गुमान सिंह , Banking shabdavali., 1992